Vista normal Vista MARC

Entrada Materia (personas)

Número de registros utilizados en: 1

001 - CONTROL NUMBER

  • control field: 118153

003 - CONTROL NUMBER IDENTIFIER

  • control field: Co-BoUCM

005 - DATE AND TIME OF LATEST TRANSACTION

  • control field: 20211020090420.0

008 - FIXED-LENGTH DATA ELEMENTS

  • fixed length control field: 211020|| aca||aabn | a|a d

040 ## - CATALOGING SOURCE

  • Original cataloging agency: Co-BoUCM
  • Transcribing agency: Co-BoUCM

100 ## - HEADING--PERSONAL NAME

  • Personal name: Cuerda Riezu, Antonio

670 ## - SOURCE DATA FOUND

  • Source citation: Work cat.: (Co-BoUCM)19835: Cuerda Riezu, Antonio, Concurso de delitos y determinación de la pena Análisis legal, doctrinal y jurisprudencial, 1992